[Event "Angers op 1st"]
[Site "Angers"]
[Date "2006.05.06"]
[Round "2"]
[White "Daligault, Mickael"]
[Black "Venerosi, Erick"]
[Result "0-1"]
[WhiteElo "1390"]
[BlackElo "1600"]
[PlyCount "130"]
[EventDate "2006.05.06"]
[EventType "swiss"]
[EventRounds "6"]
[EventCountry "FRA"]
[SourceTitle "EXT 2007"]
[Source "ChessBase"]
[SourceDate "2006.11.23"]
[SourceVersion "1"]
[SourceVersionDate "2006.11.23"]
[SourceQuality "1"]

1. Nf3 Nc6 2. d3 Nf6 3. Nbd2 d5 4. a3 e5 5. b4 a6 6. Bb2 Bd6 7. g3 0-0 8. Bg2 Bf5 9. 0-0 Qe7 10. c4 b6 11. Rc1 e4 12. dxe4 dxe4 13. Ng5 Be5 14. Rb1 Rad8 15. Qc2 Bxb2 16. Qxb2 Nd4 17. Nb3 c5 18. e3 Nxb3 19. Qxb3 h6 20. Nh3 g5 21. Rfd1 Qe6 22. Rxd8 Rxd8 23. Qc2 Rd3 24. Qb2 Qd6 25. Kh1 Bxh3 26. Bxh3 Rd1+ 27. Kg2 Rxb1 28. Qxb1 g4 29. bxc5 gxh3+ 30. Kxh3 Qxc5 31. Qd1 Qh5+ 32. Qxh5 Nxh5 33. Kg4 Nf6+ 34. Kf5 Kg7 35. Ke5 Kg6 36. Kd6 Kf5 37. Kc6 b5 38. cxb5 axb5 39. Kxb5 Ke6 40. Kb6 Nd5+ 41. Kc5 Nc3 42. Kd4 Nb5+ 43. Kxe4 Nxa3 44. g4 Kf6 45. f4 Kg6 46. h4 Nc4 47. h5+ Kf6 48. Kd4 Nd2 49. e4 Nf3+ 50. Kd5 Ke7 51. e5 f6 52. Ke4 Nh4 53. f5 Ng2 54. exf6+ Kxf6 55. Kf3 Ne1+ 56. Ke4 Nc2 57. Kf4 Nd4 58. Ke4 Nc6 59. Kf4 Ne5 60. g5+ hxg5+ 61. Kg3 Kxf5 62. Kh3 Kf4 63. Kg2 Ng4 64. Kg1 Nh6 65. Kf2 Kg4 0-1